3-Letter Vocabulary (Easy) Quiz Stats

 Plays Quiz Updated Jan 23, 2018

Challenge
Share
Tweet
Embed
Score 0/25 Timer 05:00
0 Plays Today
% Correct
car
95.2%
man
95.2%
fly
95.2%
lie
95.1%
win
95.1%
bar
95%
pan
95%
ear
95%
ape
95%
jam
94.9%
art
94.9%
old
94.8%
saw
94.5%
% Correct
hat
94.4%
ram
94.4%
fit
94.2%
gym
94.1%
cry
93.8%
pin
93.6%
rip
93.6%
pay
92.3%
tie
92.3%
put
87.3%
sad
86.4%
buy
84%

You're not logged in!

Compare scores with friends on all Sporcle quizzes.
OR
Log In

You Might Also Like...

Show Comments

Extras

Top Quizzes Today


Score Distribution

Your Account Isn't Verified!

In order to create a playlist on Sporcle, you need to verify the email address you used during registration. Go to your Sporcle Settings to finish the process.

Report this User

Report this user for behavior that violates our Community Guidelines.

Details: